000 00298nam a22001337a 4500
008 260318b ||||| |||| 00| 0 eng d
020 _a9789951873703
041 _aeng
080 _a342.4
100 _a32
101 _ajur
245 _aDraftimi i Kushtetutës
_cArsim Bajrami
942 _2udc
_cBK
999 _c60910
_d60910